| 000 | 00588 a2200181 4500 | ||
|---|---|---|---|
| 020 | _a3540422781 | ||
| 040 |
_aLibrary of Congress _bEnglish |
||
| 100 | 1 | _aDelfs, Hans. | |
| 245 | 1 | 0 |
_aIntroduction to cryptography : principles and applications _cHans Delfs, Helmut Knebl. |
| 260 |
_aBerlin ; _aNew York : _bSpringer, _cc2002. |
||
| 300 |
_axiv, 310 p. ; _c24 cm. |
||
| 440 | 0 | _aInformation security and cryptography | |
| 650 | 0 | _aComputer security. | |
| 650 | 0 | _aCryptography. | |
| 650 | 0 | _aData encryption (Computer science) | |
| 700 | 1 | _aKnebl, Helmut. | |
| 942 |
_cBK _k005.82 DEL _2ddc |
||
| 999 |
_c9587 _d9587 |
||